| 000 | 00940nam a2200217Ia 4500 | ||
|---|---|---|---|
| 003 | Ost | ||
| 005 | 20260507075340.0 | ||
| 008 | 260507s9999||||xx |||||||||||||| ||und|| | ||
| 020 | _a8129629961 | ||
| 040 | _cfsecg | ||
| 041 | _aara | ||
| 082 | _a330 | ||
| 100 |
_aبوزيدي، عبد المجيد _eمؤلف |
||
| 245 | 0 |
_aتسعينيات الاقتصاد الجزائري / _c عبد المجيد بوزيدي |
|
| 260 |
_aالجزائر: _bموفم للنشر, _c1999 |
||
| 300 |
_a154 صفحة؛ _c22 سم |
||
| 520 | _aالتصخم ومشكلة ميزان المدفوعات -اصلاح القطاع العمومي والخوصصة -اقتصاد السوق والتفتح الاقتصادي -البطالة والفقر - دولة ،اقتصاد السوق ،ديمقراطية سياسة -عولمة الاقتصاد | ||
| 653 | _aالإقتصاد- الجزائر | ||
| 653 | _aالقطاع العام | ||
| 942 | _cكتاب | ||
| 999 |
_c44081 _d44081 |
||